The computer impact

محفوظ في:
التفاصيل البيبلوغرافية
المؤلف الرئيسي: Taviss, Irene
التنسيق: كتاب
اللغة:Undetermined
منشور في: New Jersey Englewood Cliffs 1970
الموضوعات:
الوسوم: إضافة وسم
لا توجد وسوم, كن أول من يضع وسما على هذه التسجيلة!
Thư viện lưu trữ: Trung tâm Học liệu Trường Đại học Cần Thơ
LEADER 00448nam a2200169Ia 4500
001 CTU_78187
008 210402s9999 xx 000 0 und d
082 |a 301.24 
082 |b T232 
100 |a Taviss, Irene 
245 4 |a The computer impact 
245 0 |c Irene Taviss 
260 |a New Jersey 
260 |b Englewood Cliffs 
260 |c 1970 
650 |a Technology and civilization 
980 |a Trung tâm Học liệu Trường Đại học Cần Thơ